Breu compendi de la historia de Valencia / (Record no. 107618)

MARC details
000 -LEADER
campo de control de longitud fija 00530nam a2200157 4500
001 - NÚMERO DE CONTROL
campo de control 107618
003 - IDENTIFICADOR DE NÚMERO DE CONTROL
campo de control ES-MaACL
007 - CAMPO FIJO DE DESCRIPCIÓN FÍSICA--INFORMACIÓN GENERAL
campo de control de longitud fija t|
008 - DATOS DE LONGITUD FIJA--INFORMACIÓN GENERAL
campo de control de longitud fija 061121s1953 sp r ||||1| cat d
100 1# - ENTRADA PRINCIPAL--NOMBRE DE PERSONA
Nombre de persona Moscardó Cervera, Federico.
9 (RLIN) 83741
245 10 - MENCIÓN DEL TÍTULO
Título Breu compendi de la historia de Valencia /
Mención de responsabilidad, etc. por Frederic Moscardó Cervera; amb un proleg de Baltassar Rull.
260 ## - PUBLICACIÓN, DISTRIBUCIÓN, ETC.
Lugar de publicación, distribución, etc. Valencia :
Nombre del editor, distribuidor, etc. [s.n],
Fecha de publicación, distribución, etc. 1953 (
Fabricante Imp.V.Cortell)
300 ## - DESCRIPCIÓN FÍSICA
Extensión 304 p. :
Otras características físicas il. ;
Dimensiones 21 cm.
700 1# - ENTRADA AGREGADA--NOMBRE PERSONAL
Nombre de persona Rull, Baltassar.
9 (RLIN) 100976
852 ## - LOCALIZACIÓN
Ubicación ES-MaACL
Número de control de estantería C-7287
Sublocalización o colección R.35307
Holdings
Estatus retirado Estado de pérdida Estado de daño No para préstamo Biblioteca de origen Biblioteca actual Ubicación en estantería Fecha de adquisición Fuente de adquisición Total de préstamos Signatura topográfica completa Código de barras Visto por última vez Precio de reemplazo Tipo de ítem Koha
        Biblioteca del Ateneo de Madrid Biblioteca del Ateneo de Madrid Sala Palomar 17/01/2008     C-7287 1112313 23/02/2023 23/02/2023 Libro impreso